skbl

Dr Suryya Kumar Bhuyan Library Web-OPAC
ডঃ সূৰ্য্য
কুমাৰ ভূঞা পুথিভঁৰাল ৱেব-অ'পেক

All Research Scholars are advised to clear the annual library fees to continue using Library Resources, Remote Access, Plagiarism Test and Library Clearance.

Cotton University Book Fair 2026

Literature and Authoship In India / (Record no. 51128)

MARC details
000 -LEADER
fixed length control field 00626nam a2200229Ia 4500
001 - CONTROL NUMBER
control field 51163
005 - DATE AND TIME OF LATEST TRANSACTION
control field 20240114005217.0
007 - PHYSICAL DESCRIPTION FIXED FIELD--GENERAL INFORMATION
fixed length control field ta
008 - FIXED-LENGTH DATA ELEMENTS--GENERAL INFORMATION
fixed length control field 090618s1943 g b000 u u
020 ## - INTERNATIONAL STANDARD BOOK NUMBER
Terms of availability HB
040 ## - CATALOGING SOURCE
Original cataloging agency Cotton College,Assam
082 ## - DEWEY DECIMAL CLASSIFICATION NUMBER
Classification number 891.4
Item number Iy 9 L
100 ## - MAIN ENTRY--PERSONAL NAME
Personal name Iyenger, K R Srinivasa .
245 #0 - TITLE STATEMENT
Title Literature and Authoship In India /
Statement of responsibility, etc. K R SrinivasaIyenger.
Medium Textual Documents
250 ## - EDITION STATEMENT
Edition statement 1st ed /
260 ## - PUBLICATION, DISTRIBUTION, ETC.
Place of publication, distribution, etc. London :
Name of publisher, distributor, etc. George Allen and Unwin Ltd ,
Date of publication, distribution, etc. 1943.
300 ## - PHYSICAL DESCRIPTION
Extent 46 p ;
Dimensions 21 cm.
653 ## - INDEX TERM--UNCONTROLLED
Uncontrolled term Literature-Indian
942 ## - ADDED ENTRY ELEMENTS (KOHA)
Source of classification or shelving scheme Dewey Decimal Classification
Koha item type Books
Holdings
Withdrawn status Lost status Damaged status Not for loan Collection Home library Current library Date acquired Coded location qualifier Total checkouts Full call number Barcode Date last seen Copy number Price effective from Koha item type
          Dr. Suryya Kumar Bhuyan Library Dr. Suryya Kumar Bhuyan Library 01/02/2012 00000   891.4 Iy 9 L 24620 14/01/2024 1 01/02/2012 Books

Designed and Maintained by Team SKBL
©1901-2026

Powered by Koha